000 00618nam a2200241Ia 4500
003 OSt
005 20220918201917.0
006 a|||||r|||| 00| 0
007 ta
008 220917b |||||||| |||| 00| 0 eng d
024 _a97,404
037 _cTextual
040 _aARTS
_cARTS
_beng
041 _2eng
_aeng
082 _aV2:1:M0, J6 (TTV)
100 _aSrivastava Ashirabadi Lal
_9101284
245 0 _aMughal empire, 1526-1803 A D
250 _a2nd
260 _c1956
650 _aHISTORY
942 _hV2:1:M0, J6 (TTV)
_cTEXL
_2CC
999 _c220999
_d220999